Vice Presidents - Sudden Death - Statistics

General Stats
  • This quiz has been taken 2,347 times
  • The average score is 5 of 11
Answers on the Grid
Answers color-coded by a green-red scale on the quiz's grid according to % correct below.
Aaron Burr
John Adams
George Washington
Ronald Reagan
Mitch McConnell
John Breckenridge
Hannibal Hamlin
John Tyler
Barack Obama
Adlai Stevenson
Joe Biden
Calvin Coolidge
Henry Wallace
Theodore Roosevelt
Franklin Roosevelt
Abraham Lincoln
George W. Bush
Benjamin Franklin
Walter Mondale
Arnold Schwarzenegger
Johnathan Dayton
Philip Barbour
James K. Polk
John W. Davis
James G. Blaine
 
Answer Stats
Answer % Correct
Joe Biden
86%
John Adams
59%
Walter Mondale
56%
Aaron Burr
54%
Theodore Roosevelt
46%
Calvin Coolidge
44%
John Tyler
42%
Henry Wallace
37%
Adlai Stevenson
36%
Hannibal Hamlin
34%
John Breckenridge
33%
No matching quizzes found
Score Distribution
Percent of People with Each Score
Percentile by Number Answered
Your Score History
You have not taken this quiz